Normal view
MARC view
Entry Personal Name
001 - CONTROL NUMBER
- control field: 37138
003 - CONTROL NUMBER IDENTIFIER
- control field: dpl
005 - DATE AND TIME OF LATEST TRANSACTION
- control field: 20111219160047.0
008 - FIXED-LENGTH DATA ELEMENTS
- fixed length control field: 111219|||a|||||| | ||| d
040 ## - CATALOGING SOURCE
- Original cataloging agency: dpl
- Transcribing agency: dpl
100 ## - HEADING--PERSONAL NAME
- Personal name: बेदी, सुषम
670 ## - SOURCE DATA FOUND
- Source citation: Work cat.: (dpl)50042: बेदी, सुषम, मैंने नाता तोड़ा /, 2009
670 ## - SOURCE DATA FOUND
- Source citation: Work cat.: (dpl)50042: बेदी, सुषम, मैंने नाता तोड़ा /, 2009
